Death of a guru / (Record no. 1301)

MARC details
000 -LEADER
fixed length control field 00887cam a2200277 i 4500
001 - CONTROL NUMBER
control field 2247111
003 - CONTROL NUMBER IDENTIFIER
control field GBCCL
005 - DATE AND TIME OF LATEST TRANSACTION
control field 20241126110358.0
008 - FIXED-LENGTH DATA ELEMENTS--GENERAL INFORMATION
fixed length control field 770405s1977 pau 000 0aeng
010 ## -
-- 77005701
020 ## - INTERNATIONAL STANDARD BOOK NUMBER
International Standard Book Number 0879810831 :
Terms of availability $3.95
020 ## - INTERNATIONAL STANDARD BOOK NUMBER
International Standard Book Number 9788173621338
040 ## - CATALOGING SOURCE
Original cataloging agency DLC
Transcribing agency DLC
Modifying agency DLC
050 00 -
-- BV4935.M25
-- A32
082 00 - DEWEY DECIMAL CLASSIFICATION NUMBER
Classification number 248.246
-- B
Item number MAH
100 1# - MAIN ENTRY--PERSONAL NAME
Personal name Maharaj, Rabindranath R.
9 (RLIN) 2522
245 10 - TITLE STATEMENT
Title Death of a guru /
Statement of responsibility, etc. Rabindranath R. Maharaj, with Dave Hunt.
250 ## - EDITION STATEMENT
Edition statement 1st Indian ed.
260 ## - PUBLICATION, DISTRIBUTION, ETC.
Place of publication, distribution, etc. Secunderabad :
-- Philadelphia :
Name of publisher, distributor, etc. Authentic,
-- A. J. Holman Co.,
Date of publication, distribution, etc. 2013, c1977.
300 ## - PHYSICAL DESCRIPTION
Extent 224 p. ;
Dimensions 22 cm.
600 10 - SUBJECT ADDED ENTRY--PERSONAL NAME
Personal name Maharaj, Rabindranath R.
9 (RLIN) 2522
650 #0 - SUBJECT ADDED ENTRY--TOPICAL TERM
Topical term or geographic name entry element Christian converts from Hinduism
General subdivision Biography.
9 (RLIN) 2523
700 1# - ADDED ENTRY--PERSONAL NAME
Personal name Hunt, Dave,
Relator term joint author.
9 (RLIN) 609
906 ## - LOCAL DATA ELEMENT F, LDF (RLIN)
a 7
b cbc
c orignew
d 1
e ocip
f 19
g y-gencatlg
942 ## - ADDED ENTRY ELEMENTS (KOHA)
Source of classification or shelving scheme Dewey Decimal Classification
Koha item type Books
Koha issues (borrowed), all copies 1
Holdings
Withdrawn status Lost status Source of classification or shelving scheme Damaged status Not for loan Home library Current Library Shelving location Date acquired Total checkouts Full call number Barcode Date last seen Date last checked out Copy number Price effective from Koha item type
    Dewey Decimal Classification     GRACE BIBLE COLLEGE GRACE BIBLE COLLEGE Ministry & Mission 2017-04-24 1 248.246 MAH 012016 2025-05-01 2020-11-10 c.1 2017-04-24 Books
    Dewey Decimal Classification     GRACE BIBLE COLLEGE GRACE BIBLE COLLEGE Ministry & Mission 2018-02-26   248.246 MAH 012018 2025-05-01   c.2 2018-02-26 Books
    Dewey Decimal Classification     GRACE BIBLE COLLEGE GRACE BIBLE COLLEGE Ministry & Mission 2018-03-05   248.246 MAH 012024 2025-05-01   c.3 2018-03-05 Books
© Grace Bible College Library 2025